000 00299nam a2200121Ia 4500
005 20251222155155.0
008 251222s9999||||xx |||||||||||||| ||spa||
082 _aMEQ.220
100 _aARRIETA ALGUERA.IPSS.
245 0 _aProtocolos de cirugía video endoscópica
264 _bIPSS
942 _cLIB
999 _c39729
_d39729